Leçons sur la géométrie projective complexe
Uloženo v:
| Hlavní autor: | |
|---|---|
| Médium: | Kniha |
| Jazyk: | francouzština |
| Vydáno: |
París
Gauthier-Villars
1950
|
| Edice: | Cahiers Scientifiques, 10
|
| Témata: | |
| Tagy: |
Přidat tag
Žádné tagy, Buďte první, kdo vytvoří štítek k tomuto záznamu!
|
MARC
| LEADER | 00000nam a2200000 a 4500 | ||
|---|---|---|---|
| 001 | UCP1058 | ||
| 003 | CL-VaPUC | ||
| 008 | 990326e19500000FR |||||||||||||||||fre|d | ||
| 082 | 0 | 4 | |a 516.5 |b CAR |2 21 |
| 100 | 0 | |a Cartan, Elie |e author |9 426814 | |
| 245 | 1 | 0 | |a Leçons sur la géométrie projective complexe |
| 300 | |a 325 p | ||
| 942 | |c BK | ||
| 945 | |d 19990326 00:00:00 |a crobeson | ||
| 260 | |a París |b Gauthier-Villars |c 1950 | ||
| 650 | 0 | |a Geometría proyectiva |9 262638 | |
| 650 | 7 | |a GEOMETRIA NO EUCLIDEA |2 CL-VaPUC |9 426815 | |
| 650 | 7 | |a ESPACIOS DE RIEMANN |2 CL-VaPUC |9 426816 | |
| 583 | |a last modification |c 19990326 00:00:00 |k Rodrigo Vera | ||
| 490 | 0 | |a Cahiers Scientifiques, 10 | |
| 999 | |c 279776 |d 279774 | ||
| 952 | |0 0 |1 0 |4 0 |6 516_500000000000000_CAR_1950 |7 0 |8 A |9 319557 |a BIBMAT |b BIBMAT |d 2019-11-20 |i 1333879 |o 516.5 CAR 1950 |p 1333879 |r 2025-01-07 |w 2019-11-20 |y BK |k MAT | ||